000
00297nam a22001217a 4500
082
_a
808.831
_b
TIN
_c
D
100
_a
Parrault
_9
46878
245
_a
Little red riding hood
260
_a
India
_b
Tiny tot publicaions
300
_b
ill
526
_a
0
_b
0
_c
0
_d
808_831000000000000_TIN
942
_2
ddc
_c
BK
999
_c
550129
_d
550129